Ingeniería de las reacciones químicas y catalíticas /
Guardado en:
| Autor Principal: | |
|---|---|
| Formato: | Libro |
| Idioma: | Spanish |
| Publicado: |
Buenos Aires :
Géminis,
1980.
|
| Series: | McGraw-Hill chemical engineering series
|
| Materias: | |
| Etiquetas: |
Agregar Etiqueta
Sin Etiquetas, Sea el primero en etiquetar este registro!
|
| LEADER | 01022nam a22002415a 4500 | ||
|---|---|---|---|
| 001 | EIQ.libpla000661 | ||
| 008 | 060420s1980####ag#a#####b####000#0#spa#d | ||
| 005 | 20150930142814.0 | ||
| 245 | 1 | 0 | |a Ingeniería de las reacciones químicas y catalíticas / |c James J. Carberry. |
| 260 | |a Buenos Aires : |b Géminis, |c 1980. | ||
| 300 | |a xxiv, 637 p. : |b il. ; |c 23 cm. | ||
| 440 | 0 | |a McGraw-Hill chemical engineering series | |
| 500 | |a Título de la obra original: Chemical and catalytic reaction engineering. ISBN: 0070097909 McGraw Hill, 1976. | ||
| 500 | |a Versión castellana de: Eduardo E. Wolf. | ||
| 504 | |a Incluye referencias bibliográficas e índice. | ||
| 100 | 1 | |a Carberry, James J. | |
| 650 | 4 | |a Catálisis |x Reacciones químicas. | |
| 650 | 4 | |a Procesos químicos |x Teoría. | |
| 650 | 4 | |a Catalysis |x Chemical reactions. | |
| 650 | 4 | |a Chemical processes |x Theory. | |
| 040 | |a AR-BbSID |b spa |c AR-BbSID | ||
| 859 | |a AR-BbSID |b BIB. PLAPIQUI |h 541.39 |i C 177 |p 449 |t Ej. 1 | ||
| 859 | |a AR-BbSID |b BIB. PLAPIQUI |h 541.39 |i C177 |p 6447 |t Ej. 2 | ||
